| 000 | 00511nam a2200181Ia 4500 | ||
|---|---|---|---|
| 999 |
_c14467 _d14467 |
||
| 003 | OSt | ||
| 005 | 20260305125034.0 | ||
| 008 | 190216s9999||||xx |||||||||||||| ||und|| | ||
| 020 | _a10007132867 | ||
| 040 | _coclc | ||
| 082 |
_a869.342 _bCOE/D |
||
| 100 | 1 |
_aCoelho, Paulo _95599 |
|
| 245 | 4 |
_aThe Devil And Miss Prym / _cPaulo Coelho |
|
| 260 |
_bHarper Collins Publishers, _c2001 _aLondon: |
||
| 300 | _a201p | ||
| 650 | _aEnglish | ||
| 942 |
_cBK _2ddc _h869.342 _iCOE/D _k869.342 _mCOE/D |
||